000 00351nam a2200133Ia 4500
008 220216s9999 xx 000 0 und d
245 0 _aLanxess: A new global player with strong roots
260 _bIndian Rubber Journal
_c2004
300 _a14-22
650 _aButyl rubber
650 _aLanxess
650 _aTechnical rubber products
942 _cJS
999 _c61950
_d61950